[Event "Czech Open-GM 2022"]
[Site "Pardubice"]
[Date "2022.07.30"]
[Round "9.18"]
[White "Niedbala, Bartlomiej"]
[Black "Kulon, Klaudia"]
[Result "1/2-1/2"]
[WhiteElo "2381"]
[BlackElo "2286"]
[Annotator "TA"]
[PlyCount "83"]
[EventDate "2022.07.22"]
[EventType "swiss"]
[EventCountry "CZE"]
[SourceTitle "playchess.com"]
[Source "ChessBase"]
[SourceQuality "1"]

1. e4 e5 2. Nf3 Nc6 3. Bb5 a6 4. Ba4 Nf6 5. O-O Be7 6. Re1 b5 7. Bb3 d6 8. c3 O-O 9. h3 Na5 10. Bc2 c5 11. d4 Qc7 12. d5 Bd7 13. b3 Nb7 14. c4 g6 15. Nc3 Nh5 16. Rb1 Rfb8 17. Qd3 Bf6 18. Ne2 Qc8 19. Bd2 Bd8 20. g4 Ng7 21. Ng3 bxc4 22. bxc4 Na5 23. Rxb8 Rxb8 24. Bc3 Nb7 25. Qd2 f6 26. Nh2 Be7 27. f4 Nd8 28. Rf1 Nf7 29. Nf3 Bxg4 30. hxg4 Qxg4 31. Qg2 exf4 32. Ne2 Qxg2+ 33. Kxg2 g5 34. Nd2 Ne5 35. Ba4 h5 36. Nxf4 gxf4 37. Rxf4 Kh7 38. Kh3 Kg6 39. Rf1 h4 40. Bd1 Rh8 41. Be2 Nh5 42. Rf2 1/2-1/2

[Event "Czech Open-GM 2022"]
[Site "Pardubice"]
[Date "2022.07.30"]
[Round "9.19"]
[White "Horak, Martin"]
[Black "Keller, Peter"]
[Result "0-1"]
[WhiteElo "2238"]
[BlackElo "2377"]
[Annotator "TA"]
[PlyCount "52"]
[EventDate "2022.07.22"]
[EventType "swiss"]
[EventCountry "CZE"]
[SourceTitle "playchess.com"]
[Source "ChessBase"]
[SourceQuality "1"]

1. e4 e5 2. Nf3 Nc6 3. Bb5 a6 4. Ba4 Nf6 5. O-O b5 6. Bb3 Bc5 7. a4 Rb8 8. c3 d6 9. d4 Bb6 10. a5 Ba7 11. dxe5 Nxe5 12. Nxe5 dxe5 13. Qxd8+ Kxd8 14. Bg5 Ke7 15. Re1 Rd8 16. Bc2 b4 17. cxb4 Rxb4 18. Bc1 Nxe4 19. Be3 Bxe3 20. Rxe3 Rxb2 21. Na3 Nc5 22. Rxe5+ Ne6 23. Re2 Kf6 24. Bd3 Rb3 25. Bc2 Rc3 26. Re3 Rc5 0-1

[Event "Czech Open-GM 2022"]
[Site "Pardubice"]
[Date "2022.07.30"]
[Round "9.21"]
[White "Butkiewicz, Lukasz"]
[Black "Goroshkov, Maksym"]
[Result "1-0"]
[WhiteElo "2370"]
[BlackElo "2240"]
[Annotator "TA"]
[PlyCount "89"]
[EventDate "2022.07.22"]
[EventType "swiss"]
[EventCountry "CZE"]
[SourceTitle "playchess.com"]
[Source "ChessBase"]
[SourceQuality "1"]

1. e4 e5 2. Nf3 Nf6 3. Nxe5 d6 4. Nf3 Nxe4 5. c4 c5 6. Nc3 Nf6 7. d4 Be7 8. d5 O-O 9. h3 Bf5 10. Bd3 Bxd3 11. Qxd3 Re8 12. O-O Nbd7 13. Bf4 Nf8 14. a3 Ng6 15. Bh2 Qd7 16. Nd2 Bf8 17. Rfe1 Nh4 18. Nde4 Nxe4 19. Nxe4 Nf5 20. Bf4 Nd4 21. Be3 f5 22. Nd2 Qe7 23. Bxd4 Qxe1+ 24. Rxe1 Rxe1+ 25. Kh2 cxd4 26. Nf3 Re4 27. Ng5 Re7 28. Qxf5 g6 29. Qd3 Bg7 30. Ne6 Be5+ 31. g3 Rae8 32. h4 b6 33. Kh3 Rf7 34. f4 Bg7 35. b3 Rf5 36. Qe4 h5 37. Kg2 Re7 38. g4 hxg4 39. h5 Rxh5 40. Qxg6 Rh6 41. Qg5 Rexe6 42. dxe6 d3 43. Qd5 Kf8 44. Qxd6+ Kg8 45. Qd8+ 1-0

[Event "Czech Open-GM 2022"]
[Site "Pardubice"]
[Date "2022.07.30"]
[Round "9.22"]
[White "Skytte, Rasmus"]
[Black "Gloser, David"]
[Result "1-0"]
[WhiteElo "2349"]
[BlackElo "2221"]
[Annotator "TA"]
[PlyCount "91"]
[EventDate "2022.07.22"]
[EventType "swiss"]
[EventCountry "CZE"]
[SourceTitle "playchess.com"]
[Source "ChessBase"]
[SourceQuality "1"]

1. e4 c5 2. Nf3 d6 3. d4 cxd4 4. Nxd4 Nf6 5. Nc3 g6 6. Be3 Bg7 7. f3 Nc6 8. Qd2 O-O 9. O-O-O d5 10. Nxc6 bxc6 11. Bc4 Qc7 12. exd5 cxd5 13. Bxd5 Nxd5 14. Nxd5 Qb7 15. Qb4 Rb8 16. Qxb7 Rxb7 17. Bd4 e5 18. Bc5 Re8 19. Ne7+ Kh8 20. Nxc8 Rxc8 21. Ba3 Kg8 22. Rhe1 h5 23. Rd5 f6 24. c3 Kf7 25. Kc2 Ke6 26. Red1 Rcc7 27. b3 h4 28. c4 Bh6 29. h3 Be3 30. Rd6+ Kf5 31. R1d5 g5 32. Kd3 Bf2 33. b4 Rf7 34. c5 Kf4 35. c6 Rbc7 36. Ke2 Kg3 37. Kf1 Bd4 38. b5 Bb6 39. Bb2 Rc8 40. a4 Kh2 41. Bc3 a5 42. Re6 Rcc7 43. Be1 f5 44. Rdxe5 g4 45. Bxh4 g3 46. Bd8 1-0

[Event "Czech Open-GM 2022"]
[Site "Pardubice"]
[Date "2022.07.30"]
[Round "9.23"]
[White "Farkas, Gabor"]
[Black "Koziorowicz, Michal"]
[Result "0-1"]
[WhiteElo "2335"]
[BlackElo "2231"]
[Annotator "TA"]
[PlyCount "78"]
[EventDate "2022.07.22"]
[EventType "swiss"]
[EventCountry "CZE"]
[SourceTitle "playchess.com"]
[Source "ChessBase"]
[SourceQuality "1"]

1. d4 Nf6 2. c4 g6 3. Nc3 Bg7 4. e4 d6 5. Be2 O-O 6. Bg5 Na6 7. Qd2 c6 8. f3 d5 9. cxd5 cxd5 10. Bxf6 exf6 11. Nxd5 f5 12. Bxa6 bxa6 13. Ne2 fxe4 14. fxe4 f5 15. O-O Re8 16. Nec3 fxe4 17. Qf4 Bxd4+ 18. Kh1 Bf5 19. Rad1 Be5 20. Qh6 Bg7 21. Qf4 Qb8 22. Qg5 Qe5 23. Ne3 Be6 24. Qh4 Rab8 25. Nxe4 Bxa2 26. Nd6 Rf8 27. Rxf8+ Rxf8 28. Ndc4 Bxc4 29. Qxc4+ Kh8 30. Nd5 Qxb2 31. Qxa6 Qb3 32. Qe2 a5 33. h4 a4 34. h5 gxh5 35. Qxh5 a3 36. Ne7 Qe6 37. Qc5 a2 38. Qa3 Qe2 39. Qa4 Qxd1+ 0-1

[Event "Czech Open-GM 2022"]
[Site "Pardubice"]
[Date "2022.07.30"]
[Round "9.24"]
[White "Dubinski, Mateusz"]
[Black "Stinka, Jakub"]
[Result "1/2-1/2"]
[WhiteElo "2206"]
[BlackElo "2335"]
[Annotator "TA"]
[PlyCount "81"]
[EventDate "2022.07.22"]
[EventType "swiss"]
[EventCountry "CZE"]
[SourceTitle "playchess.com"]
[Source "ChessBase"]
[SourceQuality "1"]

1. d4 d5 2. Nf3 Nf6 3. c4 e6 4. g3 dxc4 5. Bg2 c5 6. O-O Nc6 7. Qa4 Bd7 8. Qxc4 cxd4 9. Nxd4 Rc8 10. Nxc6 Bxc6 11. Bxc6+ Rxc6 12. Qb3 Qc8 13. Nc3 a6 14. Bf4 Be7 15. Rac1 O-O 16. Na4 b5 17. Qf3 Rxc1 18. Rxc1 Qd8 19. Nc5 Bxc5 20. Rxc5 Qd4 21. Rc6 Qxb2 22. Rxa6 Nd5 23. Bd6 Rd8 24. e4 Qc3 25. Kg2 Qxf3+ 26. Kxf3 Nc3 27. Bb4 h6 28. Ra5 Rd3+ 29. Kg2 Nxe4 30. Rxb5 Nc3 31. Ra5 Nd5 32. Be1 Rd1 33. Kf1 Rb1 34. a4 Rb2 35. Rb5 Ra2 36. a5 g5 37. h3 Kh7 38. Rb1 h5 39. Rc1 Kg6 40. Rc4 f5 41. Rd4 1/2-1/2

[Event "Czech Open-GM 2022"]
[Site "Pardubice"]
[Date "2022.07.30"]
[Round "9.25"]
[White "Swicarz, Maciej"]
[Black "Prilleltensky, Matan"]
[Result "1-0"]
[WhiteElo "2335"]
[BlackElo "2191"]
[Annotator "TA"]
[PlyCount "101"]
[EventDate "2022.07.22"]
[EventType "swiss"]
[EventCountry "CZE"]
[SourceTitle "playchess.com"]
[Source "ChessBase"]
[SourceQuality "1"]

1. c4 e5 2. d3 Nc6 3. g3 Bb4+ 4. Nd2 f5 5. Bg2 Nf6 6. a3 Bxd2+ 7. Bxd2 O-O 8. b4 d6 9. Bc3 Qe8 10. b5 Nd8 11. a4 f4 12. Qd2 Ne6 13. Nh3 Nc5 14. gxf4 Nb3 15. Qb2 Nxa1 16. fxe5 dxe5 17. Ng5 Qh5 18. h4 h6 19. Ne4 Nxe4 20. Bxe4 Qf7 21. f3 Re8 22. Qxa1 Qf4 23. Kf2 a6 24. b6 cxb6 25. e3 Qf6 26. f4 Bf5 27. Bd5+ Kh7 28. e4 Bg4 29. Bxe5 Qf8 30. h5 Rxe5 31. Qxe5 Re8 32. Qc7 Rc8 33. Qf7 Qc5+ 34. d4 Qxd4+ 35. Kg3 Bd7 36. Qxd7 Qe3+ 37. Kg4 Qe2+ 38. Kf5 Rf8+ 39. Ke6 Qg4+ 40. f5 Rf6+ 41. Ke7 Qg5 42. e5 Rxf5+ 43. Kd6 Rf8 44. Kc7 Qxe5+ 45. Kxb7 Rb8+ 46. Ka7 Re8 47. Kxa6 Re7 48. Re1 Qxe1 49. Qf5+ Kh8 50. Qf8+ Kh7 51. Qg8# 1-0

[Event "Czech Open-GM 2022"]
[Site "Pardubice"]
[Date "2022.07.30"]
[Round "9.26"]
[White "Dixit, Nikhil"]
[Black "Elmi, Saad Abobaker"]
[Result "1-0"]
[WhiteElo "2325"]
[BlackElo "2123"]
[Annotator "TA"]
[PlyCount "85"]
[EventDate "2022.07.22"]
[EventType "swiss"]
[EventCountry "CZE"]
[SourceTitle "playchess.com"]
[Source "ChessBase"]
[SourceQuality "1"]

1. e4 c5 2. Nf3 d6 3. Bb5+ Nd7 4. d4 cxd4 5. Qxd4 a6 6. Bxd7+ Bxd7 7. Nc3 e5 8. Qd3 h6 9. O-O Nf6 10. a4 Rc8 11. Rd1 Be7 12. Nd2 Qc7 13. Nf1 O-O 14. Ne3 Be6 15. a5 Rfd8 16. Bd2 Qc6 17. Ncd5 Bxd5 18. exd5 Qd7 19. c4 Ng4 20. Nf5 Bf8 21. h3 Nf6 22. Ng3 g6 23. Rac1 Nh7 24. h4 h5 25. Ne4 Be7 26. Qg3 Qg4 27. Qxg4 hxg4 28. Ng5 Nf8 29. g3 Rc7 30. Be3 Rdc8 31. c5 Nd7 32. b4 Nf6 33. c6 bxc6 34. Bb6 Rb7 35. dxc6 Rbb8 36. c7 Rb7 37. Rc6 d5 38. b5 axb5 39. a6 Rxb6 40. Rxb6 Rxc7 41. Rb7 Rxb7 42. axb7 Bd6 43. Rc1 1-0

[Event "Czech Open-GM 2022"]
[Site "Pardubice"]
[Date "2022.07.30"]
[Round "9.27"]
[White "Jurcik, Marian"]
[Black "Kosiorek, Marek"]
[Result "1-0"]
[WhiteElo "2409"]
[BlackElo "2242"]
[Annotator "TA"]
[PlyCount "97"]
[EventDate "2022.07.22"]
[EventType "swiss"]
[EventCountry "CZE"]
[SourceTitle "playchess.com"]
[Source "ChessBase"]
[SourceQuality "1"]

1. e4 c5 2. Nf3 e6 3. d4 cxd4 4. Nxd4 Nc6 5. Nc3 Qc7 6. Qd3 a6 7. Nxc6 bxc6 8. Qg3 Qxg3 9. hxg3 d6 10. Be3 Nf6 11. f3 Bb7 12. O-O-O d5 13. Bd3 h6 14. g4 Rg8 15. a3 Be7 16. Rhe1 O-O-O 17. Bb6 Rde8 18. Bf2 Rd8 19. Bb6 Rde8 20. Bf2 Rd8 21. Na4 Nd7 22. Bg3 Rge8 23. Kb1 Bf6 24. Bf1 dxe4 25. Rxe4 e5 26. Bc4 Rf8 27. Re2 Kc7 28. Red2 Bg5 29. Rd3 f6 30. Bf2 Bc8 31. Nb6 Rfe8 32. Rb3 c5 33. Nxc8 Rxc8 34. Bxa6 Rb8 35. Bb5 Red8 36. Rxd7+ Rxd7 37. Bxd7 Rxb3 38. cxb3 Kxd7 39. Bxc5 g6 40. Kc2 f5 41. gxf5 gxf5 42. b4 Kc6 43. a4 h5 44. Bg1 Bd8 45. b5+ Kd5 46. b6 Kc6 47. a5 h4 48. Kd3 Kb7 49. Kc4 1-0

[Event "Czech Open-GM 2022"]
[Site "Pardubice"]
[Date "2022.07.30"]
[Round "9.28"]
[White "Neuman, Petr"]
[Black "Ludvik, Tomas"]
[Result "1-0"]
[WhiteElo "2378"]
[BlackElo "2223"]
[Annotator "TA"]
[PlyCount "155"]
[EventDate "2022.07.22"]
[EventType "swiss"]
[EventCountry "CZE"]
[SourceTitle "playchess.com"]
[Source "ChessBase"]
[SourceQuality "1"]

1. c4 e6 2. Nc3 d5 3. d4 Nf6 4. cxd5 exd5 5. Bg5 c6 6. e3 Nbd7 7. Bd3 Be7 8. Nge2 O-O 9. O-O Re8 10. Qc2 Nf8 11. Rab1 a5 12. f3 Be6 13. Bh4 Rc8 14. Rbd1 Ng6 15. Bf2 b5 16. Kh1 Qd7 17. Bg1 Nh4 18. Nf4 Bf5 19. e4 dxe4 20. fxe4 Bg4 21. Rde1 Ng6 22. e5 Nd5 23. Nfxd5 cxd5 24. Qb3 Red8 25. Qxb5 Rb8 26. Qxd7 Rxd7 27. Bb5 Rdd8 28. Rc1 Rxb5 29. Nxb5 Be2 30. a4 Bxf1 31. Rxf1 Nf8 32. Rc1 Ne6 33. Rc6 Bb4 34. Be3 Kf8 35. Kg1 Ke8 36. Kf2 Kd7 37. Rc1 f6 38. exf6 Rf8 39. Ke2 Rxf6 40. g3 Rf8 41. Rf1 Rxf1 42. Kxf1 Nd8 43. Ke2 Nc6 44. Kf3 Be7 45. Bd2 g6 46. Ke2 Bf6 47. Kd3 Be7 48. Bf4 Bf6 49. b3 Be7 50. Bc7 Nb4+ 51. Kc3 Nc6 52. Bb6 h5 53. h3 Bb4+ 54. Kd3 Be7 55. g4 hxg4 56. hxg4 Bg5 57. Kc3 Bh4 58. Kd2 Bg5+ 59. Kd3 Bh4 60. Bc5 Bd8 61. Nc3 Ke6 62. Na2 Kd7 63. b4 axb4 64. Bxb4 Bb6 65. Bc3 Kd6 66. Nc1 Bd8 67. Bd2 Bb6 68. Ne2 Ba7 69. Bc3 Kd7 70. Ke3 g5 71. Kd3 Ke6 72. Ng1 Nd8 73. Nf3 Kf6 74. Bb4 Bb6 75. a5 Bc7 76. a6 Nc6 77. Bc5 Bb8 78. Kc3 1-0

[Event "Czech Open-GM 2022"]
[Site "Pardubice"]
[Date "2022.07.30"]
[Round "9.29"]
[White "Jares, Michal"]
[Black "Nemec, Jachym"]
[Result "1/2-1/2"]
[WhiteElo "2208"]
[BlackElo "2357"]
[Annotator "TA"]
[PlyCount "109"]
[EventDate "2022.07.22"]
[EventType "swiss"]
[EventCountry "CZE"]
[SourceTitle "playchess.com"]
[Source "ChessBase"]
[SourceQuality "1"]

1. e4 c5 2. Nf3 d6 3. d4 cxd4 4. Nxd4 Nf6 5. Nc3 a6 6. f3 e5 7. Nb3 Be6 8. Be3 h5 9. Qd2 Nbd7 10. O-O-O Qc7 11. Kb1 Be7 12. Nd5 Bxd5 13. exd5 O-O 14. Rg1 Nb6 15. Qa5 Bd8 16. Be2 Nbxd5 17. Qxc7 Bxc7 18. Bg5 Nf4 19. Bxf4 exf4 20. Bd3 Rfe8 21. Rge1 Bb6 22. c4 Rxe1 23. Rxe1 Be3 24. Re2 Rd8 25. Na5 Rd7 26. a3 g6 27. Bc2 Rc7 28. Bd3 b6 29. Nb3 Nd7 30. Rc2 Ne5 31. Be2 Kf8 32. Rc3 a5 33. Na1 a4 34. g3 f5 35. gxf4 Bxf4 36. h3 Bd2 37. Rc2 Be3 38. Ka2 f4 39. Rc3 Ke7 40. Bd1 Bd4 41. Rc1 Bxb2 42. Kxb2 Nd3+ 43. Kb1 Nxc1 44. Kxc1 Rxc4+ 45. Nc2 Rc3 46. Kd2 Rb3 47. Nb4 Rxa3 48. Nd5+ Ke6 49. Nxf4+ Kf5 50. Nd5 b5 51. Nc3 Rxc3 52. Kxc3 g5 53. Be2 Kf4 54. Bxb5 Kxf3 55. Bxa4 1/2-1/2

[Event "Czech Open-GM 2022"]
[Site "Pardubice"]
[Date "2022.07.30"]
[Round "9.30"]
[White "Delgerdalai, Bayarjavkhlan"]
[Black "Stauskas, Lukas"]
[Result "1/2-1/2"]
[WhiteElo "2209"]
[BlackElo "2348"]
[Annotator "TA"]
[PlyCount "54"]
[EventDate "2022.07.22"]
[EventType "swiss"]
[EventCountry "CZE"]
[SourceTitle "playchess.com"]
[Source "ChessBase"]
[SourceQuality "1"]

1. d4 Nf6 2. c4 e6 3. Nf3 d5 4. e3 Nbd7 5. b3 Ne4 6. Bb2 c6 7. Nfd2 f5 8. Nxe4 fxe4 9. Be2 Bd6 10. f4 exf3 11. Bxf3 Qg5 12. Qd3 Nf6 13. O-O e5 14. dxe5 Bxe5 15. Bxe5 Qxe5 16. Nd2 O-O 17. cxd5 cxd5 18. e4 Be6 19. exd5 Bxd5 20. Rae1 Qd6 21. Ne4 Qb6+ 22. Qe3 Bxe4 23. Qxb6 axb6 24. Bxe4 Nxe4 25. Rxe4 Rxa2 26. Rxf8+ Kxf8 27. Rc4 Ra3 1/2-1/2

[Event "Czech Open-GM 2022"]
[Site "Pardubice"]
[Date "2022.07.30"]
[Round "9.31"]
[White "Nytra, Ondrej"]
[Black "Claridge-Hansen, William"]
[Result "1/2-1/2"]
[WhiteElo "2214"]
[BlackElo "2345"]
[Annotator "TA"]
[PlyCount "46"]
[EventDate "2022.07.22"]
[EventType "swiss"]
[EventCountry "CZE"]
[SourceTitle "playchess.com"]
[Source "ChessBase"]
[SourceQuality "1"]

1. e4 c6 2. d4 d5 3. e5 Bf5 4. h4 Qc7 5. Be3 h5 6. Ne2 e6 7. Ng3 Bg6 8. Be2 c5 9. c3 Be7 10. Nxh5 Bxh5 11. Bxh5 cxd4 12. cxd4 g6 13. Be2 Rxh4 14. Rxh4 Bxh4 15. Nc3 Be7 16. Rc1 Nc6 17. a3 Qd7 18. Bd3 O-O-O 19. Qf3 Rf8 20. Na4 Kb8 21. Nc5 Bxc5 22. Rxc5 Rc8 23. b4 Qe8 1/2-1/2

[Event "Czech Open-GM 2022"]
[Site "Pardubice"]
[Date "2022.07.30"]
[Round "9.32"]
[White "Balinski, Damian"]
[Black "Vojta, Jakub"]
[Result "1/2-1/2"]
[WhiteElo "2198"]
[BlackElo "2326"]
[Annotator "TA"]
[PlyCount "36"]
[EventDate "2022.07.22"]
[EventType "swiss"]
[EventCountry "CZE"]
[SourceTitle "playchess.com"]
[Source "ChessBase"]
[SourceQuality "1"]

1. d4 Nf6 2. c4 e6 3. Nc3 Bb4 4. Qc2 d5 5. cxd5 exd5 6. Bg5 h6 7. Bxf6 Qxf6 8. a3 Bxc3+ 9. Qxc3 c6 10. e3 O-O 11. Ne2 Bf5 12. Ng3 Bg6 13. Be2 Nd7 14. O-O Qe7 15. b4 a6 16. a4 Qd6 17. Rfc1 f5 18. f4 Rfe8 1/2-1/2

[Event "Czech Open-GM 2022"]
[Site "Pardubice"]
[Date "2022.07.30"]
[Round "9.34"]
[White "Nguyen, Alex Dac-Vuong"]
[Black "Hlavina, Matous"]
[Result "1-0"]
[WhiteElo "2318"]
[BlackElo "2133"]
[Annotator "TA"]
[PlyCount "55"]
[EventDate "2022.07.22"]
[EventType "swiss"]
[EventCountry "CZE"]
[SourceTitle "playchess.com"]
[Source "ChessBase"]
[SourceQuality "1"]

1. e4 c5 2. Nf3 d6 3. d4 cxd4 4. Nxd4 Nf6 5. f3 e5 6. Nb3 d5 7. Bg5 Be6 8. Bxf6 gxf6 9. exd5 Qxd5 10. Qxd5 Bxd5 11. Nc3 Be6 12. O-O-O Nc6 13. Bb5 Rc8 14. Kb1 f5 15. Rhe1 f6 16. f4 e4 17. g4 Bb4 18. Nd4 Bd7 19. Nxf5 Bxf5 20. gxf5 Rd8 21. Rxe4+ Be7 22. Rde1 Rd7 23. Nd5 Rxd5 24. Rxe7+ Kd8 25. Bxc6 bxc6 26. Rxa7 Re8 27. Ra8+ Kd7 28. Raxe8 1-0

[Event "Czech Open-GM 2022"]
[Site "Pardubice"]
[Date "2022.07.30"]
[Round "9.35"]
[White "Taborsky, Rostislav"]
[Black "Mica, Marek"]
[Result "1/2-1/2"]
[WhiteElo "2192"]
[BlackElo "2304"]
[Annotator "TA"]
[PlyCount "188"]
[EventDate "2022.07.22"]
[EventType "swiss"]
[EventCountry "CZE"]
[SourceTitle "playchess.com"]
[Source "ChessBase"]
[SourceQuality "1"]

1. c4 Nf6 2. Nc3 e6 3. e4 c5 4. e5 Ng8 5. Nf3 Nc6 6. d4 cxd4 7. Nxd4 Nxe5 8. Ndb5 a6 9. Nd6+ Bxd6 10. Qxd6 f6 11. Be3 Ne7 12. Bb6 Nf5 13. Qb4 Nc6 14. Qc5 Qe7 15. O-O-O Qxc5 16. Bxc5 d6 17. Bb6 Ne5 18. f4 Nf7 19. g4 N5h6 20. Rg1 Bd7 21. Bd3 Rc8 22. h4 Ng8 23. g5 Ne7 24. gxf6 gxf6 25. Ne4 Nd5 26. Bd4 e5 27. fxe5 dxe5 28. Kb1 exd4 29. cxd5 Ke7 30. Rde1 Ne5 31. Nxf6 Kxf6 32. Rgf1+ Ke7 33. Rxe5+ Kd6 34. Rh5 Rcf8 35. Rxf8 Rxf8 36. Rxh7 Rf3 37. Kc2 Rf2+ 38. Kc1 Rh2 39. h5 Bg4 40. Bg6 Kxd5 41. h6 Rh1+ 42. Kc2 Rh2+ 43. Kc1 Rh1+ 44. Kd2 Rh2+ 45. Ke1 Ke6 46. Rh8 Bf5 47. Re8+ Kd7 48. h7 d3 49. Bxf5+ Kxe8 50. Bxd3 Kf7 51. Kd1 Ke6 52. Kc1 Kd5 53. a3 a5 54. Kb1 Kc5 55. Ka2 a4 56. Kb1 b6 57. Bg6 b5 58. Bc2 Kc4 59. Bg6 Kd4 60. Be8 Kc5 61. Bg6 b4 62. axb4+ Kxb4 63. Bc2 a3 64. bxa3+ Kxa3 65. Bg6 Kb3 66. Bc2+ Kc3 67. Bg6 Rh4 68. Ka2 Rh3 69. Ka1 Kb3 70. Bb1 Rh1 71. h8=Q Rxh8 72. Bf5 Rh1+ 73. Bb1 Kc3 74. Ka2 Rh2+ 75. Ka1 Kb3 76. Bf5 Rh6 77. Be4 Rd6 78. Bf5 Ra6+ 79. Kb1 Rf6 80. Bc2+ Kc3 81. Be4 Re6 82. Bh7 Re7 83. Bf5 Rb7+ 84. Ka2 Rb2+ 85. Ka1 Kb3 86. Bb1 Rf2 87. Be4 Rd2 88. Bb1 Rg2 89. Be4 Rg5 90. Bh7 Ra5+ 91. Kb1 Rh5 92. Bc2+ Kc3 93. Bg6 Rb5+ 94. Ka1 Ra5+ 1/2-1/2

[Event "Czech Open-GM 2022"]
[Site "Pardubice"]
[Date "2022.07.30"]
[Round "9.36"]
[White "Smolik, Jachym"]
[Black "Roessler, Ulrike"]
[Result "0-1"]
[WhiteElo "2291"]
[BlackElo "2129"]
[Annotator "TA"]
[PlyCount "90"]
[EventDate "2022.07.22"]
[EventType "swiss"]
[EventCountry "CZE"]
[SourceTitle "playchess.com"]
[Source "ChessBase"]
[SourceQuality "1"]

1. d4 d6 2. e4 g6 3. c4 Bg7 4. Nc3 Nc6 5. Be3 e5 6. d5 Nce7 7. g4 f5 8. gxf5 Nf6 9. fxg6 Nxg6 10. Bh3 O-O 11. Qe2 Nf4 12. Bxf4 exf4 13. Bxc8 Qxc8 14. Nf3 Qh3 15. O-O-O Rae8 16. Kb1 Kh8 17. Rhg1 Ng4 18. Ng5 f3 19. Qd2 Qh4 20. Ne6 Be5 21. Nb5 Nxf2 22. Qe1 Rg8 23. Ng5 Rxg5 24. Rxg5 Qxg5 25. Qxf2 Qf4 26. Nxc7 Rc8 27. Ne6 Qxe4+ 28. Qc2 Qxc2+ 29. Kxc2 Rxc4+ 30. Kd3 Ra4 31. Rf1 Rxa2 32. Rxf3 h6 33. Rf8+ Kh7 34. Rf7+ Kg6 35. Rxb7 Bxb2 36. Rb4 Be5 37. h4 Ra1 38. Ke3 Kf5 39. Rb7 Ra3+ 40. Kf2 a5 41. Rh7 Ke4 42. Rxh6 Ra2+ 43. Kg1 a4 44. Rh7 a3 45. Kf1 Rb2 0-1

[Event "Czech Open-GM 2022"]
[Site "Pardubice"]
[Date "2022.07.30"]
[Round "9.37"]
[White "Brozka, Karel"]
[Black "Strebkovs, Andrejs"]
[Result "1/2-1/2"]
[WhiteElo "2188"]
[BlackElo "2283"]
[Annotator "TA"]
[PlyCount "29"]
[EventDate "2022.07.22"]
[EventType "swiss"]
[EventCountry "CZE"]
[SourceTitle "playchess.com"]
[Source "ChessBase"]
[SourceQuality "1"]

1. d4 g6 2. c4 Bg7 3. Nc3 d6 4. e4 c6 5. Nf3 Nd7 6. Be2 e5 7. Be3 Nh6 8. h3 f6 9. Qd2 Nf7 10. g4 Qe7 11. O-O-O Nf8 12. d5 c5 13. Bd3 h5 14. Nh2 Bh6 15. Nf1 1/2-1/2

[Event "Czech Open-GM 2022"]
[Site "Pardubice"]
[Date "2022.07.30"]
[Round "9.38"]
[White "Hajiyev, Kanan"]
[Black "Hrbek, Stepan"]
[Result "0-1"]
[WhiteElo "2142"]
[BlackElo "2272"]
[Annotator "TA"]
[PlyCount "82"]
[EventDate "2022.07.22"]
[EventType "swiss"]
[EventCountry "CZE"]
[SourceTitle "playchess.com"]
[Source "ChessBase"]
[SourceQuality "1"]

1. d4 Nf6 2. Nf3 e6 3. c4 b6 4. g3 Ba6 5. Qc2 c5 6. Bg2 Nc6 7. dxc5 bxc5 8. O-O Be7 9. b3 O-O 10. Bb2 Bb7 11. Rd1 Qb6 12. Nc3 d6 13. Rd2 Nb4 14. Qb1 Rad8 15. e3 Ne8 16. Qf1 f5 17. Ne1 Nf6 18. Bxb7 Qxb7 19. Qg2 Ne4 20. Nxe4 fxe4 21. Qh3 Rf5 22. Qg4 g6 23. Bc3 Kf7 24. Rad1 h5 25. Qh3 a5 26. Ng2 a4 27. Nf4 Nxa2 28. Ba5 Ra8 29. bxa4 Rxa5 30. Rxa2 Qb3 31. Rda1 Bf6 32. Ra3 Qb4 33. g4 Rg5 34. Kh1 Bxa1 35. Rxa1 Qb2 36. Rg1 Rxg4 37. Rxg4 hxg4 38. Qxg4 Qf6 39. Qd1 g5 40. Qh5+ Kg7 41. Qg4 Qf5 0-1

[Event "Czech Open-GM 2022"]
[Site "Pardubice"]
[Date "2022.07.30"]
[Round "9.39"]
[White "Klimakovs, Sergejs"]
[Black "Budzisz, Adrian"]
[Result "1-0"]
[WhiteElo "2266"]
[BlackElo "2152"]
[Annotator "TA"]
[PlyCount "85"]
[EventDate "2022.07.22"]
[EventType "swiss"]
[EventCountry "CZE"]
[SourceTitle "playchess.com"]
[Source "ChessBase"]
[SourceQuality "1"]

1. e4 c5 2. Nf3 d6 3. d4 cxd4 4. Nxd4 Nf6 5. Nc3 a6 6. h4 e5 7. Nb3 h5 8. Bg5 Be6 9. Qd2 Nbd7 10. O-O-O Be7 11. Kb1 Rc8 12. f3 b5 13. a3 Nb6 14. Na5 Qd7 15. Bxf6 gxf6 16. f4 exf4 17. Nd5 Na4 18. Nxf4 Nc5 19. Qb4 Bd8 20. Nd5 f5 21. exf5 Bxf5 22. Bd3 Nxd3 23. cxd3 Bxa5 24. Qxa5 Qb7 25. Nf6+ Ke7 26. Qd2 Rc5 27. Rde1+ Re5 28. Qg5 Ke6 29. Nxh5 Bxd3+ 30. Ka1 Rxh5 31. Qxh5 Qxg2 32. Qh6+ Ke7 33. Qf4 Be4 34. Rhf1 f5 35. Rg1 Qf3 36. Qh6 Kd7 37. Rc1 Re7 38. Qf8 Bb7 39. Rc7+ Kxc7 40. Qxe7+ Kb6 41. Qxd6+ Ka5 42. Qc7+ Ka4 43. Qc2+ 1-0

[Event "Czech Open-GM 2022"]
[Site "Pardubice"]
[Date "2022.07.30"]
[Round "9.40"]
[White "Jirasko, Miroslav"]
[Black "Nemec, Vjekoslav"]
[Result "0-1"]
[WhiteElo "2102"]
[BlackElo "2243"]
[Annotator "TA"]
[PlyCount "50"]
[EventDate "2022.07.22"]
[EventType "swiss"]
[EventCountry "CZE"]
[SourceTitle "playchess.com"]
[Source "ChessBase"]
[SourceQuality "1"]

1. e4 g6 2. d4 Bg7 3. Nc3 d6 4. Be3 a6 5. Qd2 b5 6. O-O-O Bb7 7. f3 Nd7 8. h4 h6 9. Nh3 Ngf6 10. g4 Nb6 11. d5 h5 12. Nf2 b4 13. Nb1 hxg4 14. fxg4 c5 15. dxc6 Bxc6 16. Bd4 e5 17. Bxb6 Qxb6 18. Qxd6 Nd7 19. Bc4 Bf8 20. Qd3 Bc5 21. Nh3 O-O-O 22. Ng5 Be3+ 23. Nd2 Nf6 24. Qe2 Rxd2 25. Rxd2 Bxg5 0-1

[Event "Czech Open-GM 2022"]
[Site "Pardubice"]
[Date "2022.07.30"]
[Round "9.41"]
[White "Bujnoch, Radek"]
[Black "Czerw, Dawid"]
[Result "1/2-1/2"]
[WhiteElo "2191"]
[BlackElo "2391"]
[Annotator "TA"]
[PlyCount "128"]
[EventDate "2022.07.22"]
[EventType "swiss"]
[EventCountry "CZE"]
[SourceTitle "playchess.com"]
[Source "ChessBase"]
[SourceQuality "1"]

1. d4 Nf6 2. c4 e6 3. Nf3 d5 4. Nc3 c6 5. e3 Nbd7 6. Be2 Bd6 7. O-O O-O 8. b3 b6 9. Bb2 Bb7 10. Bd3 c5 11. cxd5 exd5 12. Nb5 Bb8 13. Bf5 a6 14. Nc3 Bd6 15. Qc2 Qe7 16. Rfd1 Rfd8 17. Rac1 g6 18. Bxd7 Nxd7 19. dxc5 Nxc5 20. Ne2 Ne4 21. Qd3 f6 22. Rc2 Rac8 23. Rdc1 Rxc2 24. Rxc2 Re8 25. Ned4 Nc5 26. Qd1 Nd7 27. Rc1 Ne5 28. Qd2 Qd7 29. Qe2 Qg7 30. Rd1 Qh6 31. h3 Qg7 32. Rc1 Qd7 33. Nh2 f5 34. Qd1 Nf7 35. Ndf3 b5 36. Ba1 Bf8 37. Qd4 Rc8 38. Rxc8 Qxc8 39. h4 Qc5 40. Qf6 Qd6 41. Qd4 Qc5 42. h5 Qxd4 43. Bxd4 Bd6 44. Nh4 Be7 45. N2f3 Ng5 46. hxg6 Nxf3+ 47. Nxf3 hxg6 48. Ne5 g5 49. f4 gxf4 50. exf4 Bd6 51. Nd3 Kf7 52. b4 Ke6 53. Kf2 Bc6 54. Ke3 Be8 55. Be5 Be7 56. a3 Bh5 57. Nc1 Bd8 58. Kd2 Bb6 59. Nb3 Kd7 60. Bd4 Bc7 61. Nc5+ Kc6 62. Be5 Bb6 63. Nxa6 Kb7 64. Nc5+ Bxc5 1/2-1/2